[Event "Titled Tuesday intern op 13th Feb Early"]
[Site "Chess.com INT"]
[Date "2024.02.13"]
[Round "11"]
[White "Corona Monraz, Ramiro"]
[Black "Knight, Simon"]
[Result "1-0"]
[WhiteElo "1949"]
[BlackElo "2083"]
[PlyCount "59"]
[EventDate "2024.02.13"]
[EventType "swiss (blitz)"]
[EventRounds "11"]
[EventCountry "USA"]
[SourceTitle "CB08_2024"]
[SourceDate "2024.02.21"]
[SourceVersion "1"]
[SourceVersionDate "2024.02.21"]
[SourceQuality "1"]

1. b4 e5 2. Bb2 Bxb4 3. Bxe5 Nf6 4. c4 0-0 5. Nf3 Nc6 6. Bb2 d5 7. cxd5 Nxd5 8. e3 Bg4 9. Be2 Qd7 10. 0-0 Rad8 11. a3 Ba5 12. d4 Rfe8 13. Qb3 Bb6 14. Bb5 a6 15. Bxc6 Qxc6 16. Nbd2 h5 17. h3 Be6 18. Rac1 Qd7 19. Ne5 Qe7 20. Qd1 Qg5 21. Ne4 Qh4 22. Qf3 f6 23. Ng6 Bg4 24. Nxh4 Bxf3 25. gxf3 Kf7 26. Nc5 g5 27. Ng2 Rg8 28. e4 Nf4 29. Nxf4 gxf4+ 30. Kh2 1-0

[Event "Titled Tuesday intern op 13th Feb Early"]
[Site "Chess.com INT"]
[Date "2024.02.13"]
[Round "9"]
[White "Knight, Simon"]
[Black "Rose, Felix"]
[Result "0-1"]
[WhiteElo "2083"]
[BlackElo "2091"]
[PlyCount "130"]
[EventDate "2024.02.13"]
[EventType "swiss (blitz)"]
[EventRounds "11"]
[EventCountry "USA"]
[SourceTitle "CB08_2024"]
[SourceDate "2024.02.21"]
[SourceVersion "1"]
[SourceVersionDate "2024.02.21"]
[SourceQuality "1"]

1. d4 d5 2. c4 e6 3. Nf3 Nf6 4. g3 dxc4 5. Nc3 a6 6. a4 Nc6 7. Bg2 Rb8 8. e4 Bb4 9. 0-0 Bxc3 10. bxc3 Nxe4 11. Qe2 Nxc3 12. Qxc4 Nd5 13. Ba3 Bd7 14. Rfe1 Nce7 15. Ne5 b5 16. Qc5 b4 17. Bxd5 Nxd5 18. Bb2 Qe7 19. Nxd7 Qxd7 20. f4 Qd6 21. f5 Qxc5 22. dxc5 Kd7 23. Bxg7 Rhg8 24. fxe6+ fxe6 25. Be5 a5 26. Rac1 Kc6 27. Bd4 Rbe8 28. Re2 Nf4 29. Re4 Nd3 30. Rc2 Kd5 31. Rce2 Nxc5 32. Bxc5 Kxc5 33. Re5+ Kd6 34. Rxa5 Rb8 35. Ra6+ c6 36. Rc2 b3 37. Rcxc6+ Kd5 38. Rd6+ Kc5 39. Rac6+ Kb4 40. Rc1 Kxa4 41. Ra6+ Kb4 42. Kf2 b2 43. Rb1 Kc3 44. Rc6+ Kd2 45. Kf3 Rgf8+ 46. Ke4 Rf2 47. h4 Rb3 48. Kd4 Rg2 49. Rxe6 Kc2 50. Ree1 Rgxg3 51. Kc4 Rgc3+ 52. Kd4 Rd3+ 53. Kc4 Rbc3+ 54. Kb4 Rd4+ 55. Kb5 Rb3+ 56. Kc5 Rd2 57. Rh1 Rg2 58. h5 Rc3+ 59. Kb4 Rg4+ 60. Kb5 Kb3 61. h6 Rg5+ 62. Kb6 Rg6+ 63. Kb5 Rcc6 64. Rh2 Rb6+ 65. Kc5 Ka2 0-1

[Event "GBR-ch Seniors 50 108th"]
[Site "Torquay"]
[Date "2022.08.11"]
[Round "5"]
[White "Knight, Simon"]
[Black "Dargan, Paul AG"]
[Result "0-1"]
[WhiteElo "2090"]
[BlackElo "2056"]
[PlyCount "52"]
[EventDate "2022.08.08"]
[EventType "swiss"]
[EventRounds "7"]
[EventCountry "ENG"]
[SourceTitle "EXT 2024"]
[Source "ChessBase"]
[SourceDate "2023.10.10"]
[SourceVersion "1"]
[SourceVersionDate "2023.10.10"]
[SourceQuality "1"]

1. Nf3 Nf6 2. g3 c5 3. c4 Nc6 4. Bg2 g6 5. d4 cxd4 6. Nxd4 Bg7 7. Nc3 0-0 8. Nxc6 dxc6 9. Qc2 Be6 10. b3 Bf5 11. Qd2 Ne4 12. Bxe4 Bxe4 13. f3 Qa5 14. Bb2 Rad8 15. Qc1 Bxf3 16. exf3 Rd3 17. Ke2 Bxc3 18. Kxd3 Rd8+ 19. Kc2 Qf5+ 20. Kxc3 Rd3+ 21. Kc2 Rd6+ 22. Kc3 Qxf3+ 23. Kb4 c5+ 24. Kxc5 a5 25. Kb5 Qc6+ 26. Kxa5 Qc5+ 0-1

[Event "GBR-ch Seniors 50 108th"]
[Site "Torquay"]
[Date "2022.08.09"]
[Round "2"]
[White "Moyse, Nigel John"]
[Black "Knight, Simon"]
[Result "0-1"]
[WhiteElo "1976"]
[BlackElo "2090"]
[PlyCount "108"]
[EventDate "2022.08.08"]
[EventType "swiss"]
[EventRounds "7"]
[EventCountry "ENG"]
[SourceTitle "EXT 2024"]
[Source "ChessBase"]
[SourceDate "2023.10.10"]
[SourceVersion "1"]
[SourceVersionDate "2023.10.10"]
[SourceQuality "1"]

1. d4 d5 2. Bf4 Nf6 3. e3 c6 4. Bd3 Nbd7 5. h3 g6 6. Nf3 Bg7 7. 0-0 0-0 8. Nbd2 c5 9. c3 b6 10. Bh2 Bb7 11. Rc1 Ne4 12. Ne5 Nxe5 13. Bxe5 Bxe5 14. dxe5 Qc7 15. f4 Nxd2 16. Qxd2 e6 17. Qe1 Qe7 18. Qg3 f5 19. h4 Kh8 20. Kf2 Rad8 21. Rh1 Rg8 22. Qg5 Qf7 23. Rh3 a6 24. Be2 d4 25. cxd4 cxd4 26. exd4 Rxd4 27. Rhc3 Rgd8 28. Rc7 R8d7 29. Rxd7 Qxd7 30. h5 Qg7 31. hxg6 Qxg6 32. Qxg6 hxg6 33. g3 Bd5 34. Ke3 Re4+ 35. Kd2 Bxa2 36. Bxa6 Rb4 37. Rc2 Bd5 38. Bd3 Kg7 39. Rc7+ Kh6 40. Kc2 g5 41. g4 Rxf4 42. gxf5 exf5 43. e6 Be4 44. e7 Bxd3+ 45. Kxd3 Re4 46. Rc6+ Kh5 47. Rf6 Kg4 48. Rf7 Kf4 49. b4 b5 50. Rg7 g4 51. Rh7 Kf3 52. Rf7 f4 53. Rh7 g3 54. Rg7 g2 0-1

[Event "Titled Tuesday intern op 21st April"]
[Site "Chess.com INT"]
[Date "2020.04.21"]
[Round "5"]
[White "Knight, Simon"]
[Black "Efremov, Vladislav"]
[Result "1-0"]
[WhiteElo "2090"]
[BlackElo "2188"]
[PlyCount "91"]
[EventDate "2020.04.21"]
[EventType "swiss (blitz)"]
[EventRounds "10"]
[EventCountry "USA"]
[SourceTitle "EXT 2021"]
[Source "ChessBase"]
[SourceDate "2020.10.23"]
[SourceVersion "1"]
[SourceVersionDate "2020.10.23"]
[SourceQuality "1"]

1. d4 d5 2. c4 e6 3. Nf3 Nf6 4. g3 dxc4 5. Qc2 b6 6. Bg2 Bb7 7. 0-0 Be7 8. Qxc4 0-0 9. Bf4 c5 10. Rd1 Nbd7 11. dxc5 Bxc5 12. Ne5 Bxg2 13. Nxd7 Nxd7 14. Kxg2 Qc8 15. Nc3 Nf6 16. Rac1 Qb7+ 17. f3 Rac8 18. Qb3 Ng4 19. Ne4 Be7 20. Rxc8 Rxc8 21. Nd6 Bxd6 22. Bxd6 Rd8 23. Bf4 Rxd1 24. Qxd1 h6 25. Qd8+ Kh7 26. Qd3+ f5 27. e4 fxe4 28. Qxe4+ Qxe4 29. fxe4 Nf6 30. Kf3 Nd7 31. Be3 e5 32. Ke2 Kg6 33. Kd3 Kf7 34. Kc4 a6 35. Kd5 Ke7 36. Kc6 b5 37. Bc5+ Ke6 38. Bb4 Nf6 39. Kb6 Nxe4 40. Kxa6 Nf2 41. Kxb5 Ng4 42. a4 e4 43. a5 e3 44. a6 Ne5 45. a7 Nd3 46. Bc3 1-0

[Event "Titled Tuesday intern op 21st April"]
[Site "Chess.com INT"]
[Date "2020.04.21"]
[Round "1"]
[White "Knight, Simon"]
[Black "Nitin, Senthilvel"]
[Result "0-1"]
[WhiteElo "2090"]
[BlackElo "2381"]
[PlyCount "78"]
[EventDate "2020.04.21"]
[EventType "swiss (blitz)"]
[EventRounds "10"]
[EventCountry "USA"]
[SourceTitle "EXT 2021"]
[Source "ChessBase"]
[SourceDate "2020.10.23"]
[SourceVersion "1"]
[SourceVersionDate "2020.10.23"]
[SourceQuality "1"]

1. d4 Nf6 2. c4 g6 3. Nf3 Bg7 4. g3 d6 5. Bg2 0-0 6. 0-0 c6 7. Nbd2 Bf5 8. Re1 Ne4 9. Nh4 Nxd2 10. Nxf5 Nxc4 11. Nxg7 Kxg7 12. b3 Nb6 13. e4 e5 14. Bb2 Qe7 15. Rc1 N8d7 16. f4 f6 17. f5 exd4 18. Qxd4 Ne5 19. Red1 Rad8 20. h3 c5 21. Qd2 g5 22. Qe2 Qf7 23. Kh2 Rfe8 24. Rd2 h5 25. Rcd1 Nc8 26. Rd5 Kh6 27. Qd2 Nc6 28. h4 Rg8 29. hxg5+ Rxg5 30. Bc1 Kh7 31. Qf2 Rg7 32. Qf4 Rh8 33. Bb2 Kg8 34. Qh4 Rh6 35. Rxd6 Nxd6 36. Rxd6 Rg4 37. Qh3 Qe7 38. Bf3 Qxd6 39. Bxg4 Qd2+ 0-1

[Event "Titled Tuesday intern op 21st April"]
[Site "Chess.com INT"]
[Date "2020.04.21"]
[Round "3"]
[White "Protopopova, Anastasiya"]
[Black "Knight, Simon"]
[Result "1-0"]
[WhiteElo "2192"]
[BlackElo "2090"]
[PlyCount "63"]
[EventDate "2020.04.21"]
[EventType "swiss (blitz)"]
[EventRounds "10"]
[EventCountry "USA"]
[SourceTitle "EXT 2021"]
[Source "ChessBase"]
[SourceDate "2020.10.23"]
[SourceVersion "1"]
[SourceVersionDate "2020.10.23"]
[SourceQuality "1"]

1. d4 d5 2. c4 e5 3. dxe5 d4 4. Nf3 Nc6 5. Nbd2 Nge7 6. g3 Ng6 7. Bg2 Ngxe5 8. 0-0 Be7 9. b3 Bf6 10. Bb2 d3 11. exd3 Nxf3+ 12. Nxf3 Bxb2 13. Qe2+ Qe7 14. Qxb2 0-0 15. d4 Bg4 16. d5 Nb4 17. Qc3 a5 18. Rfe1 Qd6 19. Ne5 Bf5 20. a3 Nc2 21. g4 Nxe1 22. Rxe1 Bg6 23. f4 f6 24. c5 Qd8 25. Nxg6 hxg6 26. d6 c6 27. Qc4+ Rf7 28. Re7 Qf8 29. Rxb7 Re8 30. Bxc6 Re1+ 31. Kf2 Rd1 32. Bd5 1-0

[Event "Titled Tuesday intern op 7th April"]
[Site "Chess.com INT"]
[Date "2020.04.07"]
[Round "8"]
[White "Knight, Simon"]
[Black "Garcia Fuentes, Sergio Miguel"]
[Result "0-1"]
[WhiteElo "2090"]
[BlackElo "2134"]
[PlyCount "82"]
[EventDate "2020.04.07"]
[EventType "swiss (blitz)"]
[EventRounds "10"]
[EventCountry "USA"]
[SourceTitle "EXT 2021"]
[Source "ChessBase"]
[SourceDate "2020.10.23"]
[SourceVersion "1"]
[SourceVersionDate "2020.10.23"]
[SourceQuality "1"]

1. d4 d5 2. Nf3 Nc6 3. e3 Bg4 4. c3 e5 5. dxe5 Nxe5 6. Qa4+ Bd7 7. Qd1 Nxf3+ 8. Qxf3 Nf6 9. h3 Bd6 10. Nd2 Qe7 11. Be2 0-0-0 12. c4 Bc6 13. 0-0 Kb8 14. Qf5 d4 15. Nf3 Be4 16. Qa5 d3 17. Bd1 b6 18. Qa4 h6 19. Bd2 g5 20. Bc3 Rhg8 21. Nd2 Bb7 22. b4 c5 23. bxc5 Bxc5 24. Bf3 g4 25. hxg4 Nxg4 26. Bxb7 Qxb7 27. e4 Qc7 28. Nf3 f6 29. Rad1 Nxf2 30. Rxf2 Qg3 31. Bd4 Bxd4 32. Nxd4 Rxd4 33. Qc6 Rgd8 34. Qxf6 Qg4 35. Qf4+ Qxf4 36. Rxf4 d2 37. Rf6 Kc7 38. Rxh6 Rxe4 39. Rh7+ Kc6 40. Rxa7 Re1+ 41. Kf2 Rxd1 0-1

[Event "Titled Tuesday intern op 7th April"]
[Site "Chess.com INT"]
[Date "2020.04.07"]
[Round "7"]
[White "Ramasindraibe, Girard"]
[Black "Knight, Simon"]
[Result "0-1"]
[WhiteElo "2146"]
[BlackElo "2090"]
[PlyCount "134"]
[EventDate "2020.04.07"]
[EventType "swiss (blitz)"]
[EventRounds "10"]
[EventCountry "USA"]
[SourceTitle "EXT 2021"]
[Source "ChessBase"]
[SourceDate "2020.10.23"]
[SourceVersion "1"]
[SourceVersionDate "2020.10.23"]
[SourceQuality "1"]

1. e3 d5 2. b3 Nf6 3. Bb2 Bf5 4. Nf3 Nbd7 5. Be2 e6 6. 0-0 Bd6 7. Nh4 Bg6 8. d3 Qe7 9. a4 Be5 10. Ba3 Bd6 11. Bb2 Be5 12. Nc3 c6 13. f4 Bd6 14. a5 a6 15. Na4 Bc7 16. Bf3 Bxa5 17. c4 Bc7 18. Nc3 0-0 19. Nxg6 hxg6 20. Qe1 Nc5 21. Qd1 Ncd7 22. Qe1 d4 23. exd4 Bxf4 24. Bxc6 Bxh2+ 25. Kxh2 Qd6+ 26. Kg1 Qxc6 27. Qh4 Rad8 28. Rf3 Nh5 29. Ne4 Ndf6 30. Ng5 Qb6 31. Ra3 e5 32. Kh1 exd4 33. Nh3 Qe6 34. Ra1 Qe2 35. Ba3 Rfe8 36. Raf1 Re3 37. Nf4 Rxf3 38. Nxe2 Rxf1+ 39. Kh2 Re8 40. Ng3 Rd1 41. Nxh5 Nxh5 42. Qf2 Ree1 43. g4 Rh1+ 44. Kg2 Rdg1+ 45. Qxg1 Rxg1+ 46. Kxg1 Nf4 47. Bc5 Nxd3 48. Bxd4 b5 49. c5 Nb4 50. Kf1 Nc6 51. Ke2 Nxd4+ 52. Kd3 Nc6 53. Ke4 Kf8 54. Kd5 Nb4+ 55. Kd6 f5 56. c6 Nxc6 57. Kxc6 fxg4 58. Kb6 g3 59. Kxa6 g2 60. Kxb5 g1Q 61. Ka6 Qc5 62. b4 Qxb4 63. Ka7 Ke7 64. Ka6 Kd7 65. Ka7 Kc7 66. Ka6 Qb7+ 67. Ka5 Qb3 0-1

[Event "Titled Tuesday intern op 7th April"]
[Site "Chess.com INT"]
[Date "2020.04.07"]
[Round "5"]
[White "Smith, Ricando"]
[Black "Knight, Simon"]
[Result "1-0"]
[WhiteElo "2196"]
[BlackElo "2090"]
[PlyCount "89"]
[EventDate "2020.04.07"]
[EventType "swiss (blitz)"]
[EventRounds "10"]
[EventCountry "USA"]
[SourceTitle "EXT 2021"]
[Source "ChessBase"]
[SourceDate "2020.10.23"]
[SourceVersion "1"]
[SourceVersionDate "2020.10.23"]
[SourceQuality "1"]

1. c4 e5 2. Nc3 Nf6 3. Nf3 d6 4. d4 exd4 5. Nxd4 g6 6. g3 Bg7 7. Bg2 0-0 8. 0-0 Nbd7 9. b3 Re8 10. Bb2 Nf8 11. Qd2 Ne6 12. Nxe6 fxe6 13. Rad1 Rb8 14. Nb5 a6 15. Nc3 Bd7 16. e4 e5 17. Qd3 Qe7 18. Bc1 Rf8 19. Bg5 h6 20. Nd5 Qd8 21. Nxf6+ Bxf6 22. Bxh6 Rf7 23. Be3 Bg5 24. f4 exf4 25. gxf4 Bf6 26. e5 Bf5 27. Qc3 Bg7 28. Bd5 Qh4 29. Bxf7+ Kxf7 30. Bd4 Rh8 31. Qg3 Qe7 32. exd6 Bxd4+ 33. Rxd4 Qf6 34. Rdd1 Rh3 35. Qg5 Qb2 36. Rf2 Qc3 37. d7 Rd3 38. d8Q Rxd8 39. Rxd8 Qc1+ 40. Rf1 Qe3+ 41. Rf2 Qe1+ 42. Kg2 Be4+ 43. Kh3 Bf5+ 44. Kg3 Qg1+ 45. Kf3 1-0

[Event "Titled Tuesday intern op 3rd Sept"]
[Site "Chess.com INT"]
[Date "2019.09.03"]
[Round "2"]
[White "Megalios, Konstantinos"]
[Black "Knight, Simon"]
[Result "1-0"]
[WhiteElo "2390"]
[BlackElo "2090"]
[PlyCount "175"]
[EventDate "2019.09.03"]
[EventType "swiss (blitz)"]
[EventRounds "10"]
[EventCountry "USA"]
[SourceTitle "EXT 2021"]
[Source "ChessBase"]
[SourceDate "2020.10.23"]
[SourceVersion "1"]
[SourceVersionDate "2020.10.23"]
[SourceQuality "1"]

1. d4 d5 2. c4 e5 3. dxe5 d4 4. Nf3 Nc6 5. a3 Nge7 6. e3 dxe3 7. Bxe3 Qxd1+ 8. Kxd1 Bg4 9. Nbd2 0-0-0 10. Kc2 Ng6 11. h3 Bf5+ 12. Kc3 Ngxe5 13. Nxe5 Nxe5 14. f4 Nd3 15. g4 Bxg4 16. hxg4 Nc5 17. Rd1 Bd6 18. Bxc5 Bxc5 19. Bg2 Rhe8 20. Ne4 Rxd1 21. Rxd1 Be3 22. f5 Bf4 23. c5 Be5+ 24. Kc2 c6 25. b4 Kc7 26. Kb3 g6 27. f6 h5 28. gxh5 gxh5 29. Rh1 Re6 30. Bh3 Re8 31. Bf5 Rh8 32. Ng5 Bxf6 33. Nxf7 Rf8 34. Nd6 h4 35. Bh3 Bg5 36. Rf1 Rxf1 37. Bxf1 b6 38. Ne4 Be3 39. a4 a5 40. bxa5 bxa5 41. Kc4 Kd7 42. Bh3+ Ke7 43. Kd3 Bf4 44. Ke2 Be5 45. Kf3 Bd4 46. Kg4 Bxc5 47. Nxc5 Kd6 48. Nb7+ Kd5 49. Bg2+ Kc4 50. Nxa5+ Kb4 51. Nxc6+ Kxa4 52. Kxh4 Kb3 53. Kg4 Kc4 54. Kf4 Kc3 55. Ke5 Kd2 56. Kd4 Ke2 57. Ne5 Kd2 58. Be4 Ke2 59. Ng4 Kd1 60. Kd3 Kc1 61. Ne5 Kb2 62. Bd5 Ka3 63. Kc3 Ka4 64. Nc6 Kb5 65. Kd4 Ka4 66. Bc4 Ka3 67. Kc3 Ka4 68. Bd3 Ka3 69. Bb5 Ka2 70. Nd4 Ka1 71. Nc2+ Kb1 72. Bc4 Kc1 73. Ba2 Kd1 74. Nd4 Ke1 75. Kd3 Kf2 76. Ne2 Kf3 77. Be6 Kf2 78. Bg4 Ke1 79. Nc3 Kf2 80. Ne4+ Ke1 81. Ke3 Kf1 82. Kd2 Kg2 83. Ke2 Kg1 84. Bh3 Kh2 85. Bf1 Kg1 86. Ke1 Kh2 87. Kf2 Kh1 88. Nd2 1-0

[Event "Titled Tuesday intern op 4th June"]
[Site "Chess.com INT"]
[Date "2019.06.04"]
[Round "2"]
[White "Knight, Simon"]
[Black "Van Dael, Siem"]
[Result "1-0"]
[WhiteElo "2090"]
[BlackElo "2290"]
[PlyCount "111"]
[EventDate "2019.06.04"]
[EventType "swiss (blitz)"]
[EventRounds "10"]
[EventCountry "USA"]
[SourceTitle "EXT 2021"]
[Source "ChessBase"]
[SourceDate "2020.10.23"]
[SourceVersion "1"]
[SourceVersionDate "2020.10.23"]
[SourceQuality "1"]

1. d4 Nf6 2. Nf3 g6 3. g3 Bg7 4. Bg2 0-0 5. 0-0 d6 6. c3 Nbd7 7. Nbd2 e5 8. dxe5 dxe5 9. e4 c6 10. Re1 Re8 11. Nc4 Qc7 12. Nd6 Rd8 13. Nxc8 Raxc8 14. Qc2 Nc5 15. Bg5 h6 16. Bxf6 Bxf6 17. Rad1 Bg7 18. b4 Ne6 19. Bh3 Qe7 20. Rxd8+ Rxd8 21. Rd1 Rd6 22. Rxd6 Qxd6 23. Qd2 Qxd2 24. Nxd2 Nc7 25. Nc4 Nb5 26. Bc8 b6 27. Bd7 Nxc3 28. Bxc6 Nxa2 29. b5 Nc3 30. f3 Bf8 31. Nxe5 Bc5+ 32. Kf1 Kg7 33. Nd7 Bd4 34. e5 g5 35. Kg2 Kg6 36. f4 Kf5 37. Kf3 Bg1 38. g4+ Ke6 39. f5+ Ke7 40. h3 Bd4 41. Kg3 Ne2+ 42. Kf3 Nf4 43. h4 Bc3 44. hxg5 hxg5 45. Ke4 Nh3 46. f6+ Kd8 47. Kf5 Bd2 48. e6 fxe6+ 49. Kxe6 Nf4+ 50. Kf5 Ke8 51. Ne5+ Kf8 52. Ng6+ Kf7 53. Ne5+ Kf8 54. Nf3 Ne2 55. Nxd2 Nd4+ 56. Kg6 1-0

[Event "Titled Tuesday intern op 5th March"]
[Site "Chess.com INT"]
[Date "2019.03.05"]
[Round "6"]
[White "Cuevas, Alex"]
[Black "Knight, Simon"]
[Result "1-0"]
[WhiteElo "2299"]
[BlackElo "2090"]
[PlyCount "67"]
[EventDate "2019.03.05"]
[EventType "swiss (blitz)"]
[EventRounds "10"]
[EventCountry "USA"]
[SourceTitle "EXT 2021"]
[Source "ChessBase"]
[SourceDate "2020.10.23"]
[SourceVersion "1"]
[SourceVersionDate "2020.10.23"]
[SourceQuality "1"]

1. g3 Nf6 2. Bg2 g6 3. Nf3 Bg7 4. 0-0 d5 5. d4 c6 6. Nbd2 0-0 7. Re1 Bf5 8. h3 Qc8 9. Kh2 Ne4 10. Nxe4 Bxe4 11. c4 Na6 12. Qb3 Nc7 13. Bg5 Re8 14. Rad1 dxc4 15. Qxc4 Bd5 16. Qc2 f5 17. b3 Nb5 18. Bc1 Nd6 19. Ne5 Bxg2 20. Kxg2 Ne4 21. f3 Nf6 22. Qc4+ e6 23. Bg5 h6 24. Bxf6 Bxf6 25. Nxg6 Kf7 26. Nf4 Rg8 27. Kf2 b5 28. Qc5 Qc7 29. d5 Rxg3 30. dxe6+ Kg7 31. Rd7+ Qxd7 32. exd7 Rg5 33. Ne6+ Kg6 34. Nxg5 1-0

[Event "Titled Tuesday intern op 5th March"]
[Site "Chess.com INT"]
[Date "2019.03.05"]
[Round "10"]
[White "Knight, Simon"]
[Black "Biliy, Vadim"]
[Result "1-0"]
[WhiteElo "2090"]
[BlackElo "2331"]
[PlyCount "37"]
[EventDate "2019.03.05"]
[EventType "swiss (blitz)"]
[EventRounds "10"]
[EventCountry "USA"]
[SourceTitle "EXT 2021"]
[Source "ChessBase"]
[SourceDate "2020.10.23"]
[SourceVersion "1"]
[SourceVersionDate "2020.10.23"]
[SourceQuality "1"]

1. d4 d5 2. c4 e6 3. Nf3 Nf6 4. g3 Be7 5. Bg2 0-0 6. 0-0 dxc4 7. Qc2 Qd6 8. Na3 Qa6 9. Nxc4 Nc6 10. a3 Rd8 11. Rd1 Rb8 12. b4 b5 13. Nce5 Bb7 14. Bg5 Nxe5 15. dxe5 Be4 16. Qxc7 Nd5 17. Rxd5 Bxg5 18. Rxd8+ Rxd8 19. Nxg5 1-0

[Event "Titled Tuesday intern op 5th March"]
[Site "Chess.com INT"]
[Date "2019.03.05"]
[Round "5"]
[White "Knight, Simon"]
[Black "Lauridsen, Jesper Morch"]
[Result "0-1"]
[WhiteElo "2090"]
[BlackElo "2240"]
[PlyCount "58"]
[EventDate "2019.03.05"]
[EventType "swiss (blitz)"]
[EventRounds "10"]
[EventCountry "USA"]
[SourceTitle "EXT 2021"]
[Source "ChessBase"]
[SourceDate "2020.10.23"]
[SourceVersion "1"]
[SourceVersionDate "2020.10.23"]
[SourceQuality "1"]

1. Nf3 Nf6 2. g3 d5 3. Bg2 c5 4. d3 Nc6 5. 0-0 e5 6. c3 h6 7. Nbd2 Be6 8. Qc2 Be7 9. e4 d4 10. a4 Qd7 11. Rd1 0-0 12. Nc4 Bxc4 13. dxc4 Rfd8 14. Ne1 Qe6 15. b3 dxc3 16. Rxd8+ Bxd8 17. Qxc3 Ba5 18. Qe3 Ng4 19. Qe2 Nd4 20. Qf1 Bxe1 21. Qxe1 Nc2 22. Qc3 Nxa1 23. Qxa1 Rd8 24. Bb2 Rd2 25. Bh3 h5 26. f3 Qd6 27. Bf1 Nxh2 28. Bxe5 Nxf3+ 29. Kh1 Rh2# 0-1

[Event "Titled Tuesday intern op 5th March"]
[Site "Chess.com INT"]
[Date "2019.03.05"]
[Round "8"]
[White "Knight, Simon"]
[Black "Steenbekkers, Larissa"]
[Result "0-1"]
[WhiteElo "2090"]
[BlackElo "2020"]
[PlyCount "58"]
[EventDate "2019.03.05"]
[EventType "swiss (blitz)"]
[EventRounds "10"]
[EventCountry "USA"]
[SourceTitle "EXT 2021"]
[Source "ChessBase"]
[SourceDate "2020.10.23"]
[SourceVersion "1"]
[SourceVersionDate "2020.10.23"]
[SourceQuality "1"]

1. Nf3 Nf6 2. g3 g6 3. Bg2 Bg7 4. 0-0 0-0 5. d3 d5 6. c3 c5 7. Nbd2 Nc6 8. Qc2 d4 9. a4 e5 10. Nc4 Nd5 11. Bg5 f6 12. Bd2 Be6 13. Rfb1 Qd7 14. e4 dxe3 15. Nxe3 Rad8 16. Ne1 Nce7 17. b4 cxb4 18. cxb4 f5 19. Nc4 f4 20. Be4 Bf5 21. Kg2 Nc6 22. Qa2 Kh8 23. b5 Nd4 24. Bb4 Bxe4+ 25. dxe4 f3+ 26. Kh1 Nxb4 27. Rxb4 Qh3 28. Ne3 Bh6 29. Nd5 Qf1# 0-1

[Event "Titled Tuesday intern op 5th March"]
[Site "Chess.com INT"]
[Date "2019.03.05"]
[Round "2"]
[White "Lahav, Michal"]
[Black "Knight, Simon"]
[Result "0-1"]
[WhiteElo "2158"]
[BlackElo "2090"]
[PlyCount "26"]
[EventDate "2019.03.05"]
[EventType "swiss (blitz)"]
[EventRounds "10"]
[EventCountry "USA"]
[SourceTitle "EXT 2021"]
[Source "ChessBase"]
[SourceDate "2020.10.23"]
[SourceVersion "1"]
[SourceVersionDate "2020.10.23"]
[SourceQuality "1"]

1. Nf3 Nf6 2. g3 g6 3. Bg2 Bg7 4. 0-0 0-0 5. c4 d6 6. Nc3 Nc6 7. b3 e5 8. d3 Bg4 9. Bb2 Qd7 10. e3 Rfe8 11. Re1 e4 12. dxe4 Nxe4 13. Qc2 Nb4 0-1

[Event "Titled Tuesday intern op 1st Jan"]
[Site "Chess.com INT"]
[Date "2019.01.01"]
[Round "3"]
[White "Huda, Maryana"]
[Black "Knight, Simon"]
[Result "0-1"]
[WhiteElo "2160"]
[BlackElo "2090"]
[PlyCount "86"]
[EventDate "2019.01.01"]
[EventType "swiss (blitz)"]
[EventRounds "10"]
[EventCountry "USA"]
[SourceTitle "EXT 2021"]
[Source "ChessBase"]
[SourceDate "2020.10.23"]
[SourceVersion "1"]
[SourceVersionDate "2020.10.23"]
[SourceQuality "1"]

1. d4 Nf6 2. c4 e6 3. Nf3 b6 4. g3 Bb7 5. Bg2 Be7 6. 0-0 0-0 7. Nc3 d5 8. cxd5 exd5 9. Bf4 c6 10. Rc1 Nbd7 11. Ne5 Nh5 12. Nxd7 Qxd7 13. Bd2 f5 14. e4 Nf6 15. e5 Ne4 16. Be3 Ba6 17. Re1 Nxc3 18. bxc3 Bc4 19. Qc2 g6 20. Bf1 b5 21. f4 a5 22. Bxc4 dxc4 23. Qg2 Qd5 24. Qxd5+ cxd5 25. Rb1 b4 26. Bd2 Rab8 27. Rb2 Rb7 28. Reb1 Rfb8 29. Kf2 Kf7 30. Ke3 Ke6 31. h3 b3 32. a4 Ba3 33. Be1 Bxb2 34. Rxb2 h6 35. h4 g5 36. Kf3 gxh4 37. gxh4 Rg7 38. Bf2 Rbg8 39. Rb1 Rg2 40. Rb2 Rh2 41. Rb1 Rgg2 42. Be3 Ra2 43. Rg1 Rh3+ 0-1

[Event "Titled Tuesday intern op 1st Jan"]
[Site "Chess.com INT"]
[Date "2019.01.01"]
[Round "8"]
[White "Knight, Simon"]
[Black "Tejedor Fuente, Enrique"]
[Result "1/2-1/2"]
[WhiteElo "2090"]
[BlackElo "2428"]
[PlyCount "157"]
[EventDate "2019.01.01"]
[EventType "swiss (blitz)"]
[EventRounds "10"]
[EventCountry "USA"]
[SourceTitle "EXT 2021"]
[Source "ChessBase"]
[SourceDate "2020.10.23"]
[SourceVersion "1"]
[SourceVersionDate "2020.10.23"]
[SourceQuality "1"]

1. d4 Nf6 2. c4 e6 3. Nf3 b6 4. g3 Bb7 5. Bg2 c5 6. 0-0 Be7 7. Nc3 cxd4 8. Nxd4 Qc8 9. e4 Qxc4 10. Bf4 d6 11. Ndb5 e5 12. Bg5 Qc6 13. Bxf6 gxf6 14. Nd5 Bd8 15. Rc1 Qxb5 16. Qg4 Bxd5 17. exd5 Kf8 18. Rc8 Qe8 19. Rfc1 h5 20. Qb4 Kg7 21. Qxd6 Be7 22. Rxe8 Bxd6 23. Rxh8 Kxh8 24. Rc8+ Kg7 25. Rd8 Be7 26. Re8 Bd6 27. Rd8 Be7 28. Re8 a5 29. Rxe7 Na6 30. d6 Rd8 31. d7 Nc5 32. Bc6 f5 33. Rxe5 Ne6 34. Rd5 Kf6 35. f4 h4 36. Kf2 hxg3+ 37. hxg3 Rh8 38. Ke3 Nd8 39. Bb5 Rh2 40. Rd6+ Ke7 41. Rxb6 Rxb2 42. a4 Rb3+ 43. Kf2 Rc3 44. Rh6 Rc2+ 45. Kf3 Ne6 46. Rh8 Rd2 47. Re8+ Kf6 48. Ke3 Rd6 49. Ra8 Ke7 50. Rxa5 Nc7 51. Ra7 Nxb5 52. axb5 Rb6 53. Kd4 Rxb5 54. d8Q+ Kxd8 55. Rxf7 Ke8 56. Ra7 Kf8 57. Ke3 Rb4 58. Kf2 Rb2+ 59. Kf3 Rb3+ 60. Kg2 Rb1 61. Kh3 Rh1+ 62. Kg2 Rh6 63. Kf3 Rc6 64. Ra5 Rf6 65. g4 fxg4+ 66. Kxg4 Rg6+ 67. Kf5 Rc6 68. Kg5 Rb6 69. f5 Rc6 70. Ra7 Rb6 71. f6 Rb1 72. Ra8+ Kf7 73. Ra7+ Kf8 74. Ra8+ Kf7 75. Ra7+ Kf8 76. Ra8+ Kf7 77. Ra7+ Kf8 78. Ra8+ Kf7 79. Ra7+ 1/2-1/2

[Event "Titled Tuesday intern op 6th Nov"]
[Site "Chess.com INT"]
[Date "2018.11.06"]
[Round "10"]
[White "Chabris, Christopher"]
[Black "Knight, Simon"]
[Result "1-0"]
[WhiteElo "2137"]
[BlackElo "2090"]
[PlyCount "41"]
[EventDate "2018.11.06"]
[EventType "swiss (blitz)"]
[EventRounds "10"]
[EventCountry "USA"]
[SourceTitle "EXT 2021"]
[Source "ChessBase"]
[SourceDate "2020.10.23"]
[SourceVersion "1"]
[SourceVersionDate "2020.10.23"]
[SourceQuality "1"]

1. e4 c6 2. d4 d5 3. e5 Bf5 4. Nf3 e6 5. Be2 c5 6. Be3 Nc6 7. 0-0 Nge7 8. c4 cxd4 9. Nxd4 Nxe5 10. cxd5 Qxd5 11. Nb5 Qc6 12. Nd6+ Kd7 13. Nxf7+ Kc7 14. Nxe5 Qd5 15. Bf4 Kc8 16. Qa4 Nc6 17. Nxc6 Qxc6 18. Rc1 Bc5 19. Qxc6+ bxc6 20. Rxc5 Kb7 21. Na3 1-0